| 000 | 00488nam a22001577a 4500 | ||
|---|---|---|---|
| 003 | OSt | ||
| 008 | 260429b |||||||| |||| 00| 0 eng d | ||
| 082 |
_a635.642 _bS48S |
||
| 100 | _aSinha, Satya Narayan | ||
| 245 | _aStudies on the Yield Performance and Quality Characteristics in Hybrid Varieties of Tomato (lycopersicum esculentum Mill.) | ||
| 260 |
_aPusa, Samastipur _bRAU _c1992 |
||
| 300 | _a71P. | ||
| 502 |
_bMsc. _d1992 |
||
| 650 | _aVegetable and Floriculture | ||
| 942 |
_2ddc _cT |
||
| 999 |
_c50291 _d50291 |
||